MDQL
is popping MORE tags! Check the
thread
!
Quizzes
Events
Quiz Creation
Community
Videos
Private Events
Remove Ads
Sign In
Join for FREE
Feedback
Dark Mode
Quiz Categories
Sports
Geography
Music
Movies
Television
Just For Fun
Miscellaneous
History
Literature
Language
Science
Gaming
Entertainment
Religion
Holiday
For Kids
Quiz Lab
Recent
Popular Today
Quiz Kudos Today
Editor Picks
Curator Picks
Quizzes by...
Day
Popularity
Type
Ratings
Length
Year
Community
Subscriptions
Recent Discussions
Orange Saloon
Badges
Playlists
Quests
Create
Leaderboards
Showdown
Live 5
Trivia Bingo
Activity
Puzzle Library
Sporcle Events
Private Events
Virtual Trivia
Globe League
Become a Host
Pub Owners
SporcleCon
Opinionation
Our Games
Videos
Blog
Mobile Apps
Partnerships
Remove Ads and Go Orange
Feedback
Television
TV Characters
TV Show
Sitcom
Network
Friends
Reality Shows
Cast
South Park
Star Trek
The Simpsons
Doctor Who
Television
TV Characters
TV Show
Sitcom
Network
Friends
Reality Shows
Cast
South Park
Star Trek
The Simpsons
Doctor Who
Random Quiz
Search Sporcle
×
Quiz Lab
Quiz Lab
Television
Nickelodeon
Type in answers that appear in a list
Type in answers that appear in a list
Classic
Best Score? Go Orange.
Spongebob Characters By description Stats
Can you name the Spongebob Characters By description?
By
AK__47
10m
50 Questions
54 Plays
54 Plays
54 Plays
Comments
Comments
Give Quiz Kudos
Give Quiz Kudos
-
- Ratings
hide this ad
Wrong Answers
Some wrong answers will appear in red
Some wrong answers will appear in red
Replay
Link that replays current quiz
Next Quiz
Link to next quiz in quiz playlist
You Got
0%
They Got
Avg Score
58%
Avg Friend Score
Upgrade to see
Score Distribution
Jump to the score distribution portion of the page
Score
0/50
Timer
10:00
0
Plays Today
Description
% Correct
He is an optimistic and friendly sea sponge who works at the Krusty Krab
???
100%
SpongeBob's best friend and neighbor, who is a starfish
???
98.1%
He plays the clarinet (badly), and has a deep interest in the arts
???
96.3%
A squirrel from Texas
???
92.6%
Mr. Krabs' rival who is the owner and founder of the Chum Bucket
???
88.9%
SpongeBob's pet snail and Patrick's cousin.
???
87%
SpongeBob's pufferfish teacher who runs a boating school.
???
81.5%
Mr. Krabs' spoiled teenage daugher
???
81.5%
one of SpongeBob's favorite superheros
???
79.6%
a bodybuilder who works as a lifeguard at Goo Lagoon.
???
79.6%
Plankton's computer wife
???
77.8%
Mermaid Man's sidekick
???
75.9%
Squidward's high school rival, and current rival
???
74.1%
next to the Dirty Bubble is 'the all-
time greatest arch nemisis' of Mermaid Man and Barnacle Boy
???
66.7%
the King of the territory that includes Bikini Bottom and the surrounding areas.
???
64.8%
is a sentient soap bubble created by SpongeBob
???
63%
SpongeBobs cousin who ruins everything
???
63%
a student in SpongeBob's boating school class who wanted to 'kick SpongeBob's butt'.
???
63%
a pirate ghost who haunts the seven seas
???
61.1%
he tests a Krabby Patty, and shows to everyone that SpongeBob forgot the pickles
???
61.1%
an elderly fish who resides at Shady Shoals Rest Home
???
61.1%
Kisses spongebob and spongebob gets laughed at when he is at work
???
61.1%
SpongeBob's cousin and was just released from jail
???
59.3%
A crude drawing of SpongeBob that came to life
???
59.3%
a live-
action character who hosts SpongeBob SquarePants specials
???
57.4%
Description
% Correct
Patchy the Pirate's pet parrot.
???
57.4%
A caterpillar who is one of Sandy's pets
???
55.6%
Patricks pet snail and According to Patrick, he 'has nerves of steel
???
55.6%
Spongebob wanted to name her Grace, Majesty, or Debbie
???
55.6%
a sea cucumber who is the leader of the Jellyspotters
???
51.9%
arch nemesis of Mermaid Man and Barnacle Boy. His form is that of a giant, dirty bubble
???
51.9%
Fake father to Patrick
???
50%
a former Krusty Krab frycook
???
48.1%
Fake mother to Patrick
???
48.1%
nicknamed 'Angry Jack.' He owns a store that sells snail shells.
???
46.3%
A giant pink worm, described as 'Big, Scary, and Pink!'
???
44.4%
was a chicken egg that was the boating schools science project
???
44.4%
a sink that is one of SpongeBobs buddy ideas
???
42.6%
a rock that is one of SpongeBobs buddy ideas
???
42.6%
he tries to get revenge by strangling SpongeBob while posing as a bodyguard
???
42.6%
The orphaned scallop adopted by SpongeBob and Patrick
???
42.6%
(voiced by Johnny Depp) is a surfing legend that lives on an island
???
37%
A used napkin. One of SpongeBob's 'indoor' friends
???
35.2%
a hand of a sailor that usually appears in several episodes
???
33.3%
A large Green fish that was said to have a Torpedo lodged in his belly
???
31.5%
.a Krusty Krab customer whose wallet was once stolen by Squidward.
???
29.6%
the President of the Blandy Franchising Company
???
29.6%
SpongeBob dreamed about him as a villain and tells everybody he got into a fight with him
???
29.6%
a popular boy band consisting of three teenage fish
???
29.6%
He was the owner of the '#1' soda pop drinking hat that Mr. Krabs tricked SpongeBob into buying
???
14.8%
Quiz Playlist
Details
Report
Send in Message
Add To Playlist
Classic:
Type in answers that appear in a list
Wrong Answers:
Some wrong answers will appear in red
Quiz Source
Last Updated: Feb 16, 2017
Quiz Scoreboard
CHALLENGE
Sign Up to Join the Scoreboard
Show All
Scores
Hide
Comments
May contain spoilers
Recently Published
Colored Red Africa Blitz
by spor1
Geography
30s
Find the 'City' Movie
by crazypaving
Movies
60s
5x2 Blitz: Bands
by SL_Kpop136
Music
30s
More to Explore
Quiz From the Vault
Featured Blog Post
14 Easter Pick-up Lines to Find Eggs With
hide this ad
You Might Also Like...
Tags
Nickelodeon
SpongeBob
Today's Top Quizzes in Television
Browse Television
hide this ad
Today's Top Quizzes in Nickelodeon
Browse Nickelodeon
Top Contributed Quizzes in Television
1
Survivor Journey Challenge
2
Survivor Logic Puzzle: Heroes vs. Villains
3
One Tree Hill Logic Puzzle
4
Phoebe Buffay Quotes
5
Game of Thrones: Tywin Lannister Start to Finish
6
Brooklyn Nine Nine Logic Puzzle (How-To-Play)
7
A Series of Unfortunate Events: Netflix Character Chain
8
All US Survivor Seasons in Order
9
Survivor: Criteria Castaways
10
A Series of Unfortunate Events: S3 Character Chain
Explore More
Trending Topics
NBA
Disney
Crossword
Marvel
Kpop
Anime
Harry Potter
The Office
NFL
Country
Soccer
Pokémon
WWE
Song
Puzzle
hide this ad
More By:
AK__47
Quiz
Plays
Rating
Category
Featured
Created
Who were the 12 NHL teams from the 1967-68 expansion
164
3.67
Sports
Jun 11, 2012
Spongebob Characters By description
54
Television
Jun 14, 2012
Go to Creator's Profile
Score Distribution
Quiz Creator Spotlight
AK__47
Follow
Send a Message
Quizzes Created
-
Created Quiz Play Count
-
More By This Creator
Popular Quizzes Today
1
5x2 Blitz: Bands
2
Find the 'City' Movie
3
Colored Red Africa Blitz
4
Find the US States - No Outlines Minefield
5
The Countries of the World
6
Find the US States
7
9x9 Crossword: Cartoon Network
8
US States
More Television Quizzes
Friends Finish the Line: Season Four, Ep 19-24
Quiz Lab
Trending Quizzes
Colored Red Africa Blitz II
Colored Red Europe Blitz I
Christmas Pick: Judaism
Colored Red Africa Blitz III
Colored Red Europe Blitz II
Recently Updated
Champions League XIs: Real Madrid
pecheneg
Largest US Cities 1790-2010
pecheneg
Rides in Walt Disney World
pecheneg
Most Oscar Losses (Acting)
pecheneg
Beyoncé Albums
pecheneg
Leaping Animals
pecheneg
Reality TV Shows (A-Z)
bhenderson79
Rickey Henderson's Hall of Fame Teammates
pecheneg
Champions League XIs: Arsenal
pecheneg
Quick Pick: Celebrities in WWE's Hall of Fame
aduchscher
Trending Topics
Marvel
Anime
Harry Potter
Disney
Crossword
Kpop
NBA
Song
WWE
Country
Soccer
The Office
NFL
Pokémon
Puzzle
Your Account Isn't Verified!
In order to create a playlist on Sporcle, you need to verify the email address you used during registration. Go to your
Sporcle Settings
to finish the process.
Report this User
Report this user for behavior that violates our
Community Guidelines
.
Details:
Send Report
Go to the Sporcle.com Mobile Site →
Comments